00766nam a2200241 a 4500001001300000003000900013005001700022008004100039020002300080082001800103100001900121245007000140260004000210300000900250500003500259505003500294650001300329700001900342902000800361942000700369952013100376999001700507nice12345678IN_TiNIC20260116014124.0110429s2010 newa grp 000 0 eng  a9788125040941c72500a301.0954bPAT aPati, Biswamoy aAdivasis in Colonial Indiab Survival, Resistance and Negotiation aNew Delhi bOrient Blackswan c2010 a368p aincludes index and biblioraphy2 aglossary, select biblio, index aAdivasis1 aPati, Biswamoy bSRS cBK 001040708StackRoom-aHMIbHMId2011-04-29g725.00l2o301.0954 PATp023597r2019-08-01s2019-07-24v725.00w2011-04-29yBK c13973d13973